Aktuality povinného ručení 2020

Vývoj situácie počas roku 2020, ktorý bol od polovice marca vo všetkých sférach života výrazne ovplyvnený opatreniami spojenými s obmedzením pohybu i ekonomických aktivít, s cieľom zamedziť ďalšiemu šíreniu koronavírusu. Základné trendy pešej, individuálnej automobilovej i hromadnej mobility, na zák...

Descripción completa

Guardado en:
Detalles Bibliográficos
Autor principal: Jedlička, Petr
Formato: Capítulo de libro
Lenguaje:checo
Materias:
Etiquetas: Agregar Etiqueta
Sin Etiquetas, Sea el primero en etiquetar este registro!

MARC

LEADER 00000naa a2200000 4500
001 0267805
005 20200824131240.1
041 0 |a cze 
044 |a CZ 
245 1 0 |a Aktuality povinného ručení 2020  |c Petr Jedlička 
520 |a Vývoj situácie počas roku 2020, ktorý bol od polovice marca vo všetkých sférach života výrazne ovplyvnený opatreniami spojenými s obmedzením pohybu i ekonomických aktivít, s cieľom zamedziť ďalšiemu šíreniu koronavírusu. Základné trendy pešej, individuálnej automobilovej i hromadnej mobility, na základe ktorých sa dá určiť pokles cestovania v čase najväčších reštrikcií. Týždenné štatistiky dopravných nehôd v ČR. Počet hlásených nepoistených škôd a škôd z poistenia vozidiel. 
610 2 0 |a škody 
610 2 0 |a nehody dopravné 
610 2 0 |a poistenie vozidiel motorových 
610 2 0 |a matematika poistná 
610 2 0 |a poisťovníctvo 
610 2 0 |a štatistika 
610 2 0 |a doprava automobilová 
610 2 0 |a doprava verejná 
100 1 |a Jedlička, Petr